| 000 | 00388nam a22001697a 4500 | ||
|---|---|---|---|
| 005 | 20160625113316.0 | ||
| 008 | 160625b xxu||||| |||| 00| 0 eng d | ||
| 020 | _a81-229-000-3 | ||
| 041 | _aeng | ||
| 082 | _b10162 | ||
| 100 |
_aAlbrarran, Alan B _92752 |
||
| 245 | _aMedia Economics | ||
| 260 |
_bSurjeet _c2003 |
||
| 300 | _a204 | ||
| 650 |
_aMass Communication _92660 |
||
| 942 | _cBK | ||
| 999 |
_c3974 _d3973 |
||